Statistics for Periodiske system

Click here to take the quiz!

General Stats

  • This quiz has been taken 678 times
  • The average score is 39 of 118

Answer Stats

HintAnswer% Correct
HeHelium
98%
HHydrogen
96%
OOxygen
93%
AuGuld
87%
NNitrogen
87%
CCarbon
86%
NaNatrium
85%
MgMagnesium
84%
AgSølv
83%
FeJern
82%
LiLithium
80%
AlAluminium
79%
NeNeon
77%
ZnZink
76%
ArArgon
70%
BBor
70%
BeBeryllium
69%
FFlour
69%
ClKlor
69%
CuKobber
69%
CaCalcium
67%
KKallium
66%
PFosfor
63%
UUran
60%
NiNikkel
59%
SSvovl
57%
SiSilicium
56%
TiTitan
53%
CrKrom
51%
SnTin
49%
BrBrom
46%
XeXenon
46%
PbBly
45%
MnMangan
43%
KrKrypton
41%
HgKviksølv
41%
GaGallium
40%
CoKobolt
40%
IJod
37%
RnRadon
36%
SeSelen
35%
BaBarium
34%
AsArsen
33%
ScScandium
32%
GeGermanium
31%
PtPlatin
30%
VVanadium
30%
EsEinsteinium
28%
PuPlutonium
28%
YYttrium
28%
SrStrontium
27%
InIndium
26%
HfHafnium
25%
PdPalladium
25%
RaRadium
25%
RbRubidium
24%
WWolfram
23%
CdCadmium
22%
CsCæsium
22%
ThThorium
21%
CfCalifornium
20%
MoMolybdæn
20%
NpNeptunium
20%
EuEuropium
19%
FrFrancium
19%
RhRhodium
19%
TeTellur
19%
ZrZirconium
19%
BiBismuth
18%
NbNiobium
18%
PoPolonium
18%
BhBohrium
17%
CeCerium
17%
LaLanthan
17%
OsOsmium
17%
AtAstat
16%
IrIridium
16%
TcTechnetium
16%
TlThallium
15%
AmAmericium
14%
SbAntimon
14%
NdNeodym
14%
RuRuthenium
14%
YbYtterbium
14%
ErErbium
13%
NoNobelium
13%
TaTantal
13%
CmCurium
12%
HsHassium
12%
PrPraseodym
12%
RfRutherfordium
12%
TbTerbium
12%
HoHolmium
11%
LvLivermorium
11%
ReRhenium
11%
SmSamarium
11%
BkBerkelium
10%
DbDubnium
10%
DyDysprosium
10%
FmFermium
10%
GdGadolinium
10%
OgOganesson
10%
PmPromethium
10%
RgRøntgenium
10%
SgSeaborgium
10%
TsTennessine
10%
AcActinium
9%
CnCopernicium
9%
LrLawrencium
9%
LuLutetium
9%
PaProtactinium
9%
TmThulium
9%
DsDarmstadtium
8%
MtMeitnerium
8%
MdMendelevium
8%
McMoscovium
8%
FlFlerovium
7%
NhNihonium
7%

Score Distribution

Percentile by Number Answered

Percent of People with Each Score

Your Score History

You have not taken this quiz